[Event "50th Rilton Cup 2022-23"]
[Site "Stockholm SWE"]
[Date "2022.12.30"]
[Round "4.40"]
[White "Delgerdalai, Bayarjavkhlan"]
[Black "Sarkar, Justin"]
[Result "0-1"]
[BlackTitle "IM"]
[WhiteElo "2100"]
[BlackElo "2343"]
[WhiteFideId "23727276"]
[BlackFideId "2010011"]
[EventDate "2022.12.27"]

1. e4 e5 2. Nf3 Nc6 3. Bb5 a6 4. Ba4 Nf6 5. O-O Be7 6. Re1 b5 7. Bb3 d6 8. a4
Bd7 9. c3 O-O 10. d4 Qb8 11. Nbd2 Qb7 12. Nf1 exd4 13. cxd4 Bg4 14. Ne3 Bxf3 15.
gxf3 Rfe8 16. Nf5 Bf8 17. Bg5 Ne7 18. Nh6+ gxh6 19. Bxf6 Ng6 20. h4 Qc8 21. Kh2
Bg7 22. Bxg7 Qd8 23. Bxh6 Qxh4+ 24. Kg2 Qxh6 25. Rg1 Kh8 26. Bxf7 Nf4+ 27. Kf1
Re7 28. Bb3 Rg7 29. Rxg7 Qxg7 30. axb5 a5 31. Ra4 d5 32. e5 Rg8 33. Ke1 Qg1+ 34.
Kd2 Qxf2+ 35. Kc3 Rg2 36. Bc2 Qe3+ 37. Bd3 Nxd3 0-1

[Event "50th Rilton Cup 2022-23"]
[Site "Stockholm SWE"]
[Date "2022.12.30"]
[Round "4.42"]
[White "Deuer, Marius"]
[Black "Rakshitta, Ravi"]
[Result "1-0"]
[WhiteTitle "FM"]
[BlackTitle "WIM"]
[WhiteElo "2324"]
[BlackElo "2242"]
[WhiteFideId "16236432"]
[BlackFideId "25073230"]
[EventDate "2022.12.27"]

1. d4 Nf6 2. c4 e6 3. Nc3 Bb4 4. e3 O-O 5. Ne2 c6 6. a3 Ba5 7. b4 Bc7 8. d5 exd5
9. cxd5 cxd5 10. Bb2 Be5 11. f4 Bxc3+ 12. Nxc3 Qb6 13. Qd3 Re8 14. Nd1 Nc6 15.
Be2 d4 16. b5 Na5 17. Bxd4 Qe6 18. O-O d5 19. Bf3 Ne4 20. Bxe4 Qxe4 21. Qc3 Nc4
22. Rf3 f6 23. Rg3 Kf7 24. Nf2 Qe6 25. f5 Qe7 26. e4 Bd7 27. Ng4 Rf8 28. exd5
Rac8 29. Re1 Ne5 30. Nxe5+ fxe5 31. Rxe5 Qf6 32. Qd2 Bxb5 33. Re1 Rc2 34. Qe3
Re8 35. Qxe8+ Bxe8 36. Bxf6 gxf6 37. Rge3 Bb5 38. Re7+ Kf8 39. Rxb7 a6 40. d6
Rd2 41. Rb6 h5 42. h4 1-0

[Event "50th Rilton Cup 2022-23"]
[Site "Stockholm SWE"]
[Date "2022.12.30"]
[Round "4.43"]
[White "Blomqvist, Erik"]
[Black "Wernberg, Hugo"]
[Result "1-0"]
[WhiteTitle "GM"]
[BlackTitle "FM"]
[WhiteElo "2544"]
[BlackElo "2255"]
[WhiteFideId "1709437"]
[BlackFideId "1737511"]
[EventDate "2022.12.27"]

1. e4 e6 2. d4 d5 3. Nc3 Nf6 4. e5 Nfd7 5. f4 c5 6. Nf3 Nc6 7. Ne2 Be7 8. c3 b6
9. f5 exf5 10. Nf4 cxd4 11. Bb5 Bb7 12. e6 fxe6 13. Nxe6 Bh4+ 14. g3 Qe7 15. O-O
Qxe6 16. Re1 Qe4 17. Rxe4+ fxe4 18. Bxc6 Bxc6 19. Nxd4 Bb7 20. Qh5+ g6 21. Qxh4 1-0

[Event "50th Rilton Cup 2022-23"]
[Site "Stockholm SWE"]
[Date "2022.12.30"]
[Round "4.44"]
[White "Khenkin, Igor"]
[Black "Westerinen, Heikki M.J."]
[Result "1-0"]
[WhiteTitle "GM"]
[BlackTitle "GM"]
[WhiteElo "2508"]
[BlackElo "2253"]
[WhiteFideId "4659600"]
[BlackFideId "500020"]
[EventDate "2022.12.27"]

1. d4 d5 2. c4 dxc4 3. Nf3 Nf6 4. e3 g6 5. Bxc4 Bg7 6. O-O O-O 7. Nc3 c5 8. h3
Nbd7 9. Bb3 b6 10. d5 Ba6 11. Re1 c4 12. Bc2 Nc5 13. e4 Nfd7 14. e5 Qc7 15. Bf4
Rad8 16. Qd2 Qb7 17. b4 cxb3 18. axb3 Nb8 19. Bh6 Ne6 20. Ra4 f6 21. Bxg7 Kxg7
22. exf6+ Rxf6 23. Rae4 Qc8 24. Rxe6 Rxe6 25. Qd4+ 1-0

[Event "50th Rilton Cup 2022-23"]
[Site "Stockholm SWE"]
[Date "2022.12.30"]
[Round "4.45"]
[White "Aditya, Mittal"]
[Black "Lever, Erwan"]
[Result "1-0"]
[WhiteTitle "IM"]
[WhiteElo "2479"]
[BlackElo "2241"]
[WhiteFideId "35042025"]
[BlackFideId "20640099"]
[EventDate "2022.12.27"]

1. e4 c5 2. Nf3 e6 3. d4 cxd4 4. Nxd4 Nf6 5. Nc3 Nc6 6. Nxc6 bxc6 7. e5 Nd5 8.
Ne4 Qc7 9. f4 Qb6 10. a3 a5 11. c4 Ne3 12. Qd3 Nxf1 13. Rxf1 Ba6 14. Bd2 Be7 15.
Bc3 Qb3 16. Nd2 Qb6 17. O-O-O O-O 18. Ne4 Kh8 19. Rf3 Rab8 20. Rh3 g6 21. g4 Qb3
22. Nf6 Bxf6 23. exf6 Qxc4 24. Rxh7+ Kxh7 25. Qh3+ Kg8 26. Qh6 1-0

[Event "50th Rilton Cup 2022-23"]
[Site "Stockholm SWE"]
[Date "2022.12.30"]
[Round "4.46"]
[White "Rasti, Arvin"]
[Black "Miezis, Normunds"]
[Result "0-1"]
[BlackTitle "GM"]
[WhiteElo "2249"]
[BlackElo "2441"]
[WhiteFideId "1741160"]
[BlackFideId "11600136"]
[EventDate "2022.12.27"]

1. d4 Nf6 2. Nf3 e6 3. c4 Bb4+ 4. Nbd2 O-O 5. g3 d5 6. Bg2 b6 7. O-O Bb7 8. Ne5
Be7 9. Qa4 c5 10. dxc5 bxc5 11. Rd1 Qc7 12. Nd3 Bc6 13. Qc2 d4 14. Nf3 Nbd7 15.
Bf4 Bd6 16. Bxd6 Qxd6 17. b4 e5 18. bxc5 Qc7 19. Nb4 Be4 20. Nd3 Rfe8 21. Rab1
Rad8 22. Qb3 Ba8 23. Nfe1 Ne4 24. c6 Bxc6 25. Nb4 Ndc5 26. Qa3 Ba8 27. Rdc1 Nc3
28. Rb2 Bxg2 29. Nxg2 N5a4 30. Rbc2 Qxc4 31. Qxa4 a5 32. Qxa5 Ra8 33. Qb6 Rab8
34. Qc6 Qxb4 35. Nh4 Rec8 36. Qf3 g6 37. Kh1 e4 38. Qg4 h5 39. Qf4 Qb7 40. Qf6
e3+ 41. f3 Rc6 42. Qe5 Rd8 43. Rg1 Rd5 44. Qe8+ Kg7 45. g4 Re6 46. Nf5+ Rxf5 0-1

[Event "50th Rilton Cup 2022-23"]
[Site "Stockholm SWE"]
[Date "2022.12.30"]
[Round "4.47"]
[White "Kukreja, Sankalp"]
[Black "Lopez Mulet, Inigo"]
[Result "0-1"]
[WhiteTitle "CM"]
[BlackTitle "IM"]
[WhiteElo "2254"]
[BlackElo "2389"]
[WhiteFideId "45027676"]
[BlackFideId "22235620"]
[EventDate "2022.12.27"]

1. e4 e6 2. d4 d5 3. Nc3 Nf6 4. e5 Nfd7 5. f4 c5 6. Nf3 Nc6 7. Be3 Be7 8. Qd2
O-O 9. dxc5 Nxc5 10. O-O-O a6 11. Kb1 b5 12. Bxc5 Bxc5 13. Bd3 Ra7 14. g4 f6 15.
exf6 gxf6 16. Qe2 Qa5 17. Qg2 Nb4 18. g5 Rg7 19. a3 Nc6 20. Qh3 f5 21. Nd2 Bd6
22. Qh4 b4 23. Nb3 Qb6 24. axb4 Qxb4 25. Rhf1 Bd7 26. Bxa6 Na5 27. Nxa5 Qxa5 28.
Bb7 Rb8 29. Bxd5 Rxb2+ 30. Kxb2 Ba3+ 31. Kb1 Qxc3 32. Bxe6+ Kh8 0-1

[Event "50th Rilton Cup 2022-23"]
[Site "Stockholm SWE"]
[Date "2022.12.30"]
[Round "4.48"]
[White "Rietze, Clemens"]
[Black "Soderstrom, Adrian"]
[Result "1/2-1/2"]
[WhiteTitle "FM"]
[BlackTitle "CM"]
[WhiteElo "2359"]
[BlackElo "2202"]
[WhiteFideId "24620351"]
[BlackFideId "1745786"]
[EventDate "2022.12.27"]

1. d4 d5 2. c4 c6 3. Nf3 Nf6 4. Nc3 e6 5. e3 Nbd7 6. Qc2 Bd6 7. b3 O-O 8. Be2 b6
9. O-O Bb7 10. Bb2 Qe7 11. Rad1 Rad8 12. e4 dxe4 13. Nxe4 Nxe4 14. Qxe4 Nf6 15.
Qc2 c5 16. d5 exd5 17. cxd5 Bxd5 18. Rfe1 Be4 19. Bd3 Bxd3 20. Rxd3 Qd7 21. Rdd1
Rfe8 22. Bxf6 gxf6 23. Nh4 Rxe1+ 24. Rxe1 Re8 25. Rd1 Bf8 26. h3 Qe6 27. Qc3 Qe5
28. Qf3 Qe2 29. Qg3+ Kh8 30. Rd7 Re7 31. Rd5 Re5 32. Rd8 Re8 33. Rd7 Re7 34. Rd3
Qe1+ 35. Kh2 Qe5 36. f4 Qe4 37. Rf3 Re8 38. Qg4 1/2-1/2

[Event "50th Rilton Cup 2022-23"]
[Site "Stockholm SWE"]
[Date "2022.12.30"]
[Round "4.49"]
[White "Aarav, Dengla"]
[Black "Loay, Sameer"]
[Result "1/2-1/2"]
[WhiteTitle "FM"]
[BlackTitle "IM"]
[WhiteElo "2357"]
[BlackElo "2153"]
[WhiteFideId "45059756"]
[BlackFideId "8104239"]
[EventDate "2022.12.27"]

1. e4 c5 2. Nf3 Nc6 3. Bb5 Nf6 4. d3 g6 5. Bxc6 dxc6 6. h3 Bg7 7. Nc3 Nd7 8. O-O
e5 9. Be3 Qe7 10. Qd2 h6 11. Nh2 Nf8 12. f4 exf4 13. Bxf4 Ne6 14. Bg3 Qg5 15.
Qe1 Nd4 16. Nf3 Qh5 17. Nxd4 Bxd4+ 18. Kh2 Be6 19. Ne2 Be5 20. Qf2 Bxg3+ 21.
Nxg3 Qe5 22. Qf6 Qxf6 23. Rxf6 Ke7 24. Raf1 Rhd8 25. b3 h5 26. R6f4 h4 27. Ne2
g5 28. Rf6 b5 29. Nc3 c4 30. dxc4 bxc4 31. b4 Rd2 32. R6f2 Rxf2 33. Rxf2 Rb8 34.
a3 Kd6 35. Rd2+ Ke5 36. Kg1 g4 37. hxg4 Rg8 38. Re2 Rxg4 39. Re3 Kd4 40. Rf3 h3
41. Ne2+ Kxe4 42. Nc3+ Kd4 43. Ne2+ Ke5 44. Rxh3 Bd5 45. g3 Bf3 46. Kf2 Bxe2 47.
Kxe2 Kd4 48. Kd2 c3+ 49. Ke2 Re4+ 1/2-1/2

[Event "50th Rilton Cup 2022-23"]
[Site "Stockholm SWE"]
[Date "2022.12.30"]
[Round "4.51"]
[White "Bellon Lopez, Juan Manuel"]
[Black "Tulchynskyi, Feliks"]
[Result "1-0"]
[WhiteTitle "GM"]
[WhiteElo "2314"]
[BlackElo "2135"]
[WhiteFideId "2200031"]
[BlackFideId "34127895"]
[EventDate "2022.12.27"]

1. d4 d5 2. Bf4 Nf6 3. e3 c5 4. Nf3 Nc6 5. Nbd2 Qb6 6. dxc5 Qxb2 7. Rb1 Qc3 8.
Bb5 e6 9. O-O Be7 10. Nb3 O-O 11. Nfd4 Bd7 12. a4 Ne4 13. Bd3 Nxd4 14. exd4 Bxa4
15. Re1 Bxb3 16. Bxe4 dxe4 17. Rxb3 Qc4 18. Rxb7 Bf6 19. Bd6 Rfd8 20. c3 Qxc3
21. Rxe4 a5 22. h3 Qc4 23. Qh5 g6 24. Qf3 Qd5 25. Qxf6 Qxb7 26. Be5 Kf8 27. Rf4
Ke8 28. Qh8+ Kd7 29. Rxf7+ Kc6 30. Qf6 Qb3 31. Re7 Re8 32. Rc7+ Kd5 33. Rd7+ Kc4
34. Qf4 Qb1+ 35. Kh2 Rf8 36. Qg4 h5 37. Qh4 g5 38. Qxh5 Rxf2 39. Qg4 Qf5 40. Qd1
Qc2 41. Qg4 Qf5 42. Qg3 Re2 43. c6 Rxe5 44. dxe5 Qf4 45. Qxf4+ gxf4 46. Rf7 a4
47. Rxf4+ Kb5 48. c7 a3 49. Rf1 Kc6 50. Rc1+ Kd7 51. h4 Kc8 52. h5 Ra7 53. h6
Rxc7 54. h7 Rxc1 55. h8=Q+ Kb7 56. Qh7+ Kb6 57. Qh6 Rc3 58. Qxe6+ Kb5 59. Qd5+
Kb4 60. e6 Rb3 61. e7 a2 62. Qd4+ 1-0

[Event "50th Rilton Cup 2022-23"]
[Site "Stockholm SWE"]
[Date "2022.12.30"]
[Round "4.52"]
[White "Kalogridis, Antonios"]
[Black "Goh, Zi Han"]
[Result "1-0"]
[WhiteTitle "FM"]
[BlackTitle "CM"]
[WhiteElo "2293"]
[BlackElo "2126"]
[WhiteFideId "25833901"]
[BlackFideId "5819156"]
[EventDate "2022.12.27"]

1. d4 d5 2. c4 e6 3. Nc3 Nf6 4. cxd5 exd5 5. Bg5 c6 6. e3 Be7 7. Bd3 Nbd7 8.
Nge2 h6 9. Bh4 Nh5 10. Bxe7 Qxe7 11. Qd2 Nb6 12. f3 Bd7 13. g4 Nf6 14. O-O-O
O-O-O 15. h3 Rhe8 16. e4 dxe4 17. fxe4 Be6 18. Qf4 Bc4 19. Ng3 Bxd3 20. Rxd3 Qb4
21. a3 Qc4 22. Rhd1 Na4 23. e5 Nd5 24. Qxf7 Rf8 25. Qe6+ Kb8 26. Ne4 Rf1 27.
Rxf1 Qxd3 28. Rf8 Rxf8 29. Qd6+ Kc8 30. Qxf8+ Kd7 31. Qf7+ Kd8 32. e6 Qe3+ 33.
Kc2 Nab6 34. Nd6 Qxd4 35. Qe8+ Kc7 36. Ndb5+ cxb5 37. Nxb5# 1-0

[Event "50th Rilton Cup 2022-23"]
[Site "Stockholm SWE"]
[Date "2022.12.30"]
[Round "4.53"]
[White "Mahitosh, Dey"]
[Black "Kolbus, Dietmar"]
[Result "1/2-1/2"]
[WhiteTitle "FM"]
[BlackTitle "IM"]
[WhiteElo "2134"]
[BlackElo "2292"]
[WhiteFideId "25091468"]
[BlackFideId "4610628"]
[EventDate "2022.12.27"]

1. d4 Nf6 2. c4 g6 3. Nc3 d5 4. Nf3 Bg7 5. cxd5 Nxd5 6. e4 Nxc3 7. bxc3 O-O 8.
Be3 c5 9. Rc1 Qa5 10. Qd2 cxd4 11. cxd4 Qxd2+ 12. Nxd2 e6 13. Nb3 b6 14. f3 Ba6
15. Be2 Re8 16. Kf2 Bf8 17. Rc2 Bxe2 18. Kxe2 Na6 19. a3 Rec8 20. Rhc1 Rxc2+ 21.
Rxc2 Be7 22. Bf4 Kf8 23. Rc4 Bd8 24. Nc1 Ke8 25. Nd3 g5 26. Bg3 f6 27. f4 gxf4
28. Nxf4 Kd7 29. d5 Nc7 30. dxe6+ Nxe6 31. Nxe6 Kxe6 32. Rc6+ Kf7 33. Bd6 b5 34.
Kd3 a5 35. Kc3 Ra7 36. Rc8 Rd7 37. Rc6 Rb7 38. g4 Rb6 39. Rxb6 Bxb6 40. h4 Ke6
41. Bg3 Kd7 42. e5 fxe5 43. Bxe5 Bc5 44. Kb2 Ke6 45. Bc3 Bxa3+ 46. Kxa3 b4+ 47.
Bxb4 axb4+ 48. Kxb4 Ke5 49. h5 Kf4 50. h6 Kg5 51. Kc4 Kxh6 52. Kd3 Kg5 53. Ke2
Kxg4 54. Kf1 Kg3 1/2-1/2

[Event "50th Rilton Cup 2022-23"]
[Site "Stockholm SWE"]
[Date "2022.12.30"]
[Round "4.54"]
[White "Guillo Longares, Cecilia"]
[Black "Shaik, Sumer Arsh"]
[Result "0-1"]
[WhiteTitle "WFM"]
[BlackTitle "CM"]
[WhiteElo "1941"]
[BlackElo "2290"]
[WhiteFideId "32082681"]
[BlackFideId "45020000"]
[EventDate "2022.12.27"]

1. d4 Nf6 2. c4 e6 3. Nf3 d5 4. Nc3 Bb4 5. Bg5 h6 6. Bxf6 Qxf6 7. e3 O-O 8. Rc1
dxc4 9. Bxc4 c5 10. O-O cxd4 11. Nxd4 Bd7 12. Ne4 Qe7 13. a3 Ba5 14. Be2 Bb6 15.
Bf3 Rd8 16. Re1 Nc6 17. Nc3 Nxd4 18. exd4 Bc6 19. d5 Qh4 20. g3 Qg5 21. Ne4 Qe5
22. Nc3 Qf5 23. Qe2 exd5 24. Bg2 d4 25. Ne4 d3 26. Qd2 Rd4 27. Nc3 Rad8 28. Nd1
Bxg2 29. Kxg2 Qd5+ 30. Kg1 h5 31. Ne3 Qd7 32. Ng2 h4 33. gxh4 Rg4 34. h3 Rg6 35.
Kh2 Bxf2 36. Qxf2 d2 37. Rcd1 dxe1=Q 38. Rxe1 Qd6+ 39. Kh1 Qg3 40. Qxg3 Rxg3 41.
Kh2 Rb3 42. Re2 Rdd3 43. Kg1 Rd1+ 44. Kh2 Rb1 45. Re8+ Kh7 46. Re7 R1xb2 47.
Rxf7 Rxa3 48. Rf4 Raa2 49. Rg4 Rxg2+ 0-1

[Event "50th Rilton Cup 2022-23"]
[Site "Stockholm SWE"]
[Date "2022.12.30"]
[Round "4.55"]
[White "Cederstam, Carl"]
[Black "Raghav, Srivathsav V"]
[Result "1-0"]
[WhiteTitle "FM"]
[WhiteElo "2276"]
[BlackElo "2059"]
[WhiteFideId "1713329"]
[BlackFideId "5073316"]
[EventDate "2022.12.27"]

1. e4 d5 2. exd5 Qxd5 3. Nc3 Qd6 4. d4 Nf6 5. Nf3 a6 6. g3 Bg4 7. h3 Bxf3 8.
Qxf3 Nc6 9. Be3 e6 10. Bg2 Be7 11. O-O-O O-O-O 12. a3 Rhf8 13. Kb1 Qd7 14. Bc1
Nd5 15. Ne4 Na5 16. b3 Qb5 17. Bb2 Qb6 18. Rd3 g5 19. Re1 h5 20. Qxh5 g4 21. Nd2
gxh3 22. Qxh3 Nf6 23. Bf3 Kb8 24. Qg2 c5 25. d5 c4 26. Nxc4 Nxc4 27. bxc4 Nd7
28. Rb3 Qc5 29. Rd1 Bf6 30. dxe6 fxe6 31. Bxb7 Nb6 32. Rxd8+ Bxd8 33. Bxa6 Rf7
34. Qe4 Ka7 35. Bd4 Qh5 36. c5 Qd1+ 37. Ka2 Nd5 38. Be2 Qd2 39. Qxe6 Qxd4 40.
Qa6# 1-0

[Event "50th Rilton Cup 2022-23"]
[Site "Stockholm SWE"]
[Date "2022.12.30"]
[Round "4.56"]
[White "Torngren, Gustav"]
[Black "Grahn, Vidar"]
[Result "1-0"]
[WhiteTitle "FM"]
[WhiteElo "2275"]
[BlackElo "1980"]
[WhiteFideId "1728970"]
[BlackFideId "1744780"]
[EventDate "2022.12.27"]

1. e4 c5 2. Nf3 e6 3. b3 b6 4. Bb2 Bb7 5. Bd3 d6 6. O-O Nc6 7. Re1 Nf6 8. Bf1 a6
9. d3 Be7 10. Nbd2 b5 11. Qe2 e5 12. c3 h5 13. d4 h4 14. a4 bxa4 15. Rxa4 Nh5
16. Nc4 Nf4 17. Qe3 Bg5 18. Nxg5 Qxg5 19. Nxd6+ Kf8 20. Nxb7 Rh6 21. Nxc5 Rd8
22. Nd3 Rdd6 23. Ba3 1-0

[Event "50th Rilton Cup 2022-23"]
[Site "Stockholm SWE"]
[Date "2022.12.30"]
[Round "4.58"]
[White "Vestby-Ellingsen, Mads"]
[Black "Lye, Lik Zang"]
[Result "1-0"]
[WhiteTitle "IM"]
[BlackTitle "FM"]
[WhiteElo "2389"]
[BlackElo "2241"]
[WhiteFideId "1520857"]
[BlackFideId "5712181"]
[EventDate "2022.12.27"]

1. e4 c5 2. Nf3 d6 3. d4 Nf6 4. Nc3 cxd4 5. Nxd4 Nc6 6. f3 e5 7. Nb3 Be7 8. Be3
O-O 9. Qd2 Be6 10. O-O-O a5 11. Bb5 Nb4 12. Kb1 d5 13. exd5 Nbxd5 14. Nxd5 Nxd5
15. Bc4 Nxe3 16. Qxe3 Qc8 17. Bxe6 Qxe6 18. Rhe1 a4 19. Nc5 Bxc5 20. Qxc5 Rfe8
21. Qd6 Qf5 22. a3 Qh5 23. h3 Qg5 24. Qd2 Qg3 25. Re4 h5 26. Qe2 Re6 27. Rd5
Rae8 28. Rxa4 Rg6 29. Rd2 Qh2 30. Ka2 Qg1 31. Re4 Rge6 32. f4 Qc5 33. Qxh5 Qc6
34. Rxe5 Rxe5 35. fxe5 Qc4+ 36. b3 Qf4 37. e6 g6 38. exf7+ Qxf7 39. Qd5 Re6 40.
Qc4 b5 41. Rd8+ Kg7 42. Qd4+ Qf6 43. Rd7+ Kh6 44. Qd2+ g5 45. h4 Kh5 46. Qxg5+ 1-0

[Event "50th Rilton Cup 2022-23"]
[Site "Stockholm SWE"]
[Date "2022.12.30"]
[Round "4.59"]
[White "Larsen, Karsten"]
[Black "Karavade, Eesha"]
[Result "1/2-1/2"]
[WhiteTitle "FM"]
[BlackTitle "IM"]
[WhiteElo "2248"]
[BlackElo "2325"]
[WhiteFideId "1404288"]
[BlackFideId "5012600"]
[EventDate "2022.12.27"]

1. d4 d5 2. Bf4 Nf6 3. e3 c5 4. c3 Nc6 5. Nd2 Bf5 6. Ngf3 Qb6 7. Qb3 c4 8. Qxb6
axb6 9. a3 h6 10. h3 e6 11. Be2 b5 12. O-O Kd7 13. Ne5+ Nxe5 14. Bxe5 Ne4 15.
Nxe4 Bxe4 16. f3 Bg6 17. Rfe1 f6 18. Bf4 Bd6 19. Bxd6 Kxd6 20. Rad1 h5 21. h4
Rad8 22. Bf1 Rhe8 23. Kf2 Kc6 24. Rd2 Rd7 25. Red1 Red8 26. Be2 Rh8 27. Bf1 Rhd8
28. Be2 Rh8 29. Bf1 Rhd8 30. Be2 Rh8 1/2-1/2

[Event "50th Rilton Cup 2022-23"]
[Site "Stockholm SWE"]
[Date "2022.12.30"]
[Round "4.60"]
[White "Harshad, S"]
[Black "Tryggestad, Andreas Garberg"]
[Result "1-0"]
[WhiteTitle "FM"]
[BlackTitle "FM"]
[WhiteElo "2202"]
[BlackElo "2276"]
[WhiteFideId "46616551"]
[BlackFideId "1513338"]
[EventDate "2022.12.27"]

1. e4 c5 2. Nf3 e6 3. d4 cxd4 4. Nxd4 Nc6 5. Nc3 Nf6 6. Nxc6 bxc6 7. e5 Nd5 8.
Ne4 Qc7 9. f4 Qb6 10. c4 Bb4+ 11. Ke2 f5 12. Nf2 Ba6 13. Kf3 Ne7 14. Be3 Bc5 15.
Bxc5 Qxc5 16. Qd6 Qb6 17. Be2 Rd8 18. b4 Nc8 19. Qc5 Qc7 20. Rhd1 d6 21. exd6
Nxd6 22. g3 O-O 23. Kg2 Ne4 24. Nxe4 fxe4 25. Qe5 Qxe5 26. fxe5 c5 27. bxc5 Rc8
28. Rd6 Bb7 29. Bg4 e3+ 30. Kh3 Rxc5 31. Bxe6+ Kh8 32. Rf1 Re8 33. Bd5 Bc8+ 34.
e6 g6 35. Re1 Kg7 36. Rxe3 Kf6 37. g4 Rc7 38. Kg3 Ke7 39. Rc6 Rxc6 40. Bxc6 Rf8
41. Bd5 Kd6 42. Ra3 a6 43. Rb3 Kc7 44. c5 Rd8 45. e7 Re8 46. Re3 Kd7 47. Be6+ 1-0

[Event "50th Rilton Cup 2022-23"]
[Site "Stockholm SWE"]
[Date "2022.12.30"]
[Round "4.61"]
[White "Seo, Jung Hyun"]
[Black "Schenderowitsch, Michael"]
[Result "1/2-1/2"]
[BlackTitle "FM"]
[WhiteElo "2156"]
[BlackElo "2269"]
[WhiteFideId "1735667"]
[BlackFideId "4661923"]
[EventDate "2022.12.27"]

1. e4 c5 2. Nf3 a6 3. c4 Nc6 4. d4 cxd4 5. Nxd4 Nf6 6. Nc3 e5 7. Nf5 d5 8. cxd5
Bxf5 9. dxc6 Qxd1+ 10. Kxd1 O-O-O+ 11. Bd2 Nxe4 12. cxb7+ Kxb7 13. Nxe4 Bxe4 14.
Ke1 Bc5 15. f3 Bd5 16. Rc1 Rc8 17. Bd3 Rhe8 18. Be4 Bxe4 19. fxe4 Bb4 20. Ke2
Bxd2 21. Kxd2 Rcd8+ 22. Ke3 Rd6 23. Rhd1 Red8 24. Rxd6 Rxd6 25. Rc5 f6 26. b4
Rd4 27. Rd5 Rxb4 28. Rd7+ Kc6 29. Rxg7 Rb2 30. a4 Rb3+ 31. Kf2 Kd6 32. Rxh7 Rb4
33. a5 Rb5 34. Ra7 Rxa5 35. h4 Ra1 36. h5 a5 37. h6 a4 38. Ra6+ Kc5 39. Rxf6 Kd4
40. g4 a3 41. g5 Rh1 42. Ra6 Kxe4 43. Rxa3 Kf5 44. Kg2 Rh5 45. Rg3 Kg6 46. Kf3
Rh4 47. Rg4 Rh1 48. Ke4 Re1+ 49. Kd5 Ra1 50. Kxe5 Ra5+ 51. Kf4 Ra4+ 52. Kg3 Ra1
53. Rh4 Ra3+ 54. Kf2 Ra2+ 55. Ke3 Ra3+ 56. Kd2 Ra2+ 57. Kc3 Ra3+ 58. Kb2 Ra8 59.
Rg4 Ra7 60. Rg3 Rd7 61. Kc3 Ra7 62. Kd4 Ra4+ 63. Ke3 Ra3+ 64. Kf4 Ra4+ 65. Kf3
Ra3+ 66. Kg2 Ra2+ 67. Kh3 1/2-1/2

[Event "50th Rilton Cup 2022-23"]
[Site "Stockholm SWE"]
[Date "2022.12.30"]
[Round "4.62"]
[White "Arhan, Chethan Anand"]
[Black "Ornstein, Axel"]
[Result "1-0"]
[BlackTitle "IM"]
[WhiteElo "2112"]
[BlackElo "2249"]
[WhiteFideId "45062510"]
[BlackFideId "1700111"]
[EventDate "2022.12.27"]

1. d4 Nf6 2. c4 e6 3. Nf3 b6 4. g3 Bb7 5. Bg2 c5 6. d5 exd5 7. Nh4 g6 8. O-O Bg7
9. Nc3 Na6 10. Bf4 O-O 11. Bd6 Re8 12. cxd5 b5 13. Nxb5 Qb6 14. a4 Ne4 15. Bf4
g5 16. Bxe4 Rxe4 17. Bxg5 h6 18. Bf4 Nb4 19. Nf5 Nxd5 20. e3 Nxf4 21. exf4 Qg6
22. Nbd6 Re6 23. Re1 Bf8 24. Rxe6 Qxe6 25. Qg4+ Qg6 26. Qxg6+ fxg6 27. Nxh6+
Bxh6 28. Nxb7 Bf8 1-0

[Event "50th Rilton Cup 2022-23"]
[Site "Stockholm SWE"]
[Date "2022.12.30"]
[Round "4.63"]
[White "Aditya, Varun Gampa"]
[Black "Levi, Netanel"]
[Result "1-0"]
[WhiteElo "2249"]
[BlackElo "2179"]
[WhiteFideId "45066183"]
[BlackFideId "2815400"]
[EventDate "2022.12.27"]

1. e4 e5 2. Nf3 Nc6 3. d4 exd4 4. Nxd4 Nf6 5. Nxc6 bxc6 6. e5 Qe7 7. Qe2 Nd5 8.
h4 f6 9. c4 Ba6 10. Rh3 O-O-O 11. Ra3 Nb4 12. Ra4 Qxe5 13. Qxe5 fxe5 14. Bg5
Nc2+ 15. Kd1 Nxa1 16. Rxa6 Bc5 17. Nc3 Bxf2 18. Bxd8 Rxd8 19. Kc1 Bd4 20. Kb1
Bxc3 21. bxc3 e4 22. Rxa7 Kb8 23. Ra4 c5 24. Ra5 c6 25. Rxc5 Rf8 26. Be2 Rf2 27.
Bd1 Rf1 28. Kc1 d6 29. Rxc6 e3 30. Rb6+ Kc7 31. Rb2 Kc6 32. Re2 Kc5 33. Rxe3
Kxc4 34. Kd2 Rf2+ 35. Re2 Rf5 36. Re4+ Kc5 37. Bf3 Rf8 38. Re1 Rb8 39. Rxa1 Rb2+
40. Kd3 d5 41. a4 1-0

[Event "50th Rilton Cup 2022-23"]
[Site "Stockholm SWE"]
[Date "2022.12.30"]
[Round "4.64"]
[White "Ilamparthi, A R"]
[Black "Sadekov, Maksim"]
[Result "1-0"]
[WhiteElo "2336"]
[BlackElo "2113"]
[WhiteFideId "45015775"]
[BlackFideId "4508912"]
[EventDate "2022.12.27"]

1. Nf3 e6 2. g3 f5 3. Bg2 Nf6 4. O-O d5 5. d3 Bd6 6. Nbd2 O-O 7. Re1 f4 8. Nf1
e5 9. e4 fxg3 10. hxg3 d4 11. c3 c5 12. Qb3+ Kh8 13. cxd4 cxd4 14. Nxd4 Bc5 15.
Nf3 Ng4 16. Be3 Nxe3 17. Nxe3 Nc6 18. Rac1 Nd4 19. Nxd4 Bxd4 20. Rc2 Qf6 21.
Ree2 Be6 22. Qxb7 Bxa2 23. Rc6 Qg5 24. Nf5 Bb6 25. Rec2 Bd5 26. exd5 Qxf5 27.
Be4 Qh3 28. Bg2 Qg4 29. d6 Rad8 30. Qe7 Bd4 31. Qh4 Qd1+ 32. Kh2 h6 33. Be4 Qe1
34. f3 Qg1+ 35. Kh3 Bf2 36. Rxf2 Qxf2 37. Qh5 Rf6 38. d7 Qf1+ 39. Kg4 Rff8 40.
Rxh6+ 1-0

[Event "50th Rilton Cup 2022-23"]
[Site "Stockholm SWE"]
[Date "2022.12.30"]
[Round "4.65"]
[White "Katkov, Michelle"]
[Black "Ask, Josef"]
[Result "1-0"]
[WhiteTitle "WFM"]
[BlackTitle "FM"]
[WhiteElo "2220"]
[BlackElo "2202"]
[WhiteFideId "2816393"]
[BlackFideId "1704583"]
[EventDate "2022.12.27"]

1. e4 c5 2. Nf3 d6 3. Bb5+ Bd7 4. Bxd7+ Nxd7 5. O-O Ngf6 6. Qe2 e6 7. c3 Be7 8.
d4 O-O 9. Bf4 cxd4 10. cxd4 d5 11. e5 Nh5 12. Be3 g6 13. Nc3 Qb6 14. Bh6 Ng7 15.
Rac1 Rac8 16. Rfe1 a6 17. h3 Rc4 18. b3 Rcc8 19. Na4 Qa5 20. Bd2 Bb4 21. Bxb4
Qxb4 22. Qb2 b5 23. Nc3 Nf5 24. Ne2 Kg7 25. Rxc8 Rxc8 26. Rc1 Qf8 27. Nf4 b4 28.
Qd2 a5 29. g4 Ne7 30. Kg2 Rxc1 31. Qxc1 Qc8 32. Qf1 Qc6 33. h4 h6 34. Qd3 Nb8
35. h5 g5 36. Ne2 Nd7 37. Qd2 Kf8 38. Ne1 Ng8 39. f4 f6 40. exf6 gxf4 41. Nxf4
Ndxf6 42. Ng6+ Ke8 43. Qf4 Qb5 44. Qe5 Qb6 45. Nd3 Nxg4 46. Qg7 N4f6 47. Qf8+
Kd7 48. Nc5+ Kc7 49. Ne7 Qb8 50. Nxe6+ 1-0